OPERATIONS RESEARCH METHODS AND PRACTICE (Record no. 5234)
[ view plain ]
| 000 -LEADER | |
|---|---|
| fixed length control field | 00337nam a2200121Ia 4500 |
| 008 - FIXED-LENGTH DATA ELEMENTS--GENERAL INFORMATION | |
| fixed length control field | 240624s9999 xx 000 0 und d |
| 041 ## - LANGUAGE CODE | |
| Language code of text/sound track or separate title | eng |
| 082 ## - DEWEY DECIMAL CLASSIFICATION NUMBER | |
| Classification number | 658.4034 MUS |
| 100 ## - MAIN ENTRY--PERSONAL NAME | |
| Personal name | MUSTAFI C K |
| 245 ## - TITLE STATEMENT | |
| Title | OPERATIONS RESEARCH METHODS AND PRACTICE |
| 260 ## - PUBLICATION, DISTRIBUTION, ETC. | |
| Date of publication, distribution, etc. | 1998 |
| Place of publication, distribution, etc. | New Delhi |
| Name of publisher, distributor, etc. | Wiley eastern limited |
| 300 ## - PHYSICAL DESCRIPTION | |
| Extent | xi, : 429 : p. : cm. ; 15 |
| Withdrawn status | Lost status | Damaged status | Not for loan | Home library | Current library | Shelving location | Date acquired | Full call number | Barcode | Date last seen | Price effective from | Koha item type |
|---|---|---|---|---|---|---|---|---|---|---|---|---|
| IMTN | IMTN | Rack 26-B | 05/15/2007 | 658.4034 MUS | 5234 | 06/24/2024 | 06/24/2024 | Books |